000 00460nam a2200181Ia 4500
001 4343
005 20260306145749.0
008 260306t1992||||xx |||||||||||||| ||spa||
041 _aESP
082 _a320.982
_bS36
100 _aSegovia, Juan Fernando
_eAUT
245 0 _aJulio Irazusta:
_bconservatismo y nacionalismo en la Argentina
260 _c1992
300 _a211 páginas :
_c23 cm.
650 _aGEN
654 _aCDE
942 _cLIB
_dJUS
_fJUS
_2ddc
_n
999 _c4343
_d4343